Design of concrete structures (Record no. 3622)

000 -LEADER
fixed length control field 00547nam a22002057a 4500
001 - CONTROL NUMBER
control field 3622
003 - CONTROL NUMBER IDENTIFIER
control field BD-DhUET
008 - FIXED-LENGTH DATA ELEMENTS--GENERAL INFORMATION
fixed length control field 141102b xxu||||| |||| 00| 0 eng d
040 ## - CATALOGING SOURCE
Transcribing agency 0
Modifying agency BD-DhUET
082 ## - DEWEY DECIMAL CLASSIFICATION NUMBER
Classification number 624.183
Item number WIN/1972
100 ## - MAIN ENTRY--PERSONAL NAME
Personal name Winter, George
245 ## - TITLE STATEMENT
Title Design of concrete structures
Statement of responsibility, etc. by George Winter and Arthur H. Nilson
250 ## - EDITION STATEMENT
Edition statement 8th ed.
260 ## - PUBLICATION, DISTRIBUTION, ETC. (IMPRINT)
Place of publication, distribution, etc. New York
Name of publisher, distributor, etc. McGraw-Hill
Date of publication, distribution, etc. 1972
300 ## - PHYSICAL DESCRIPTION
Extent xii,615p.
504 ## - BIBLIOGRAPHY, ETC. NOTE
Bibliography, etc Includes bibliographies
650 #0 - SUBJECT ADDED ENTRY--TOPICAL TERM
Topical term or geographic name as entry element Reinforced concrete
700 ## - ADDED ENTRY--PERSONAL NAME
Personal name Nilson, Arthur H.
942 ## - ADDED ENTRY ELEMENTS (KOHA)
Koha item type General Book
Holdings
Withdrawn status Sublocation or collection (holding branch) Koha issues (times borrowed) Damaged status Piece designation (barcode) Date acquired Koha item type Lost status Koha normalized classification for sorting Price effective from Location (home branch) Not for loan Koha date last borrowed Shelving location Source of classification or shelving scheme Koha full call number Koha date last seen Copy number
 Central Library, BUET2 398702014-11-02General Book 624_183000000000000_WIN_19722014-11-02Central Library, BUET 2025-05-26Circulation section 624.183/WIN/19722025-06-181
 Central Library, BUET1 442532014-11-02General Book 624_000000000000000_183WIN19722014-11-02Central Library, BUET 2025-05-26Circulation section 624.183/WIN/19722025-05-282
 Central Library, BUET  398692014-11-18General Book 624_000000000000000_183WIN19722014-11-18Central Library, BUET  Circulation section 624.183/WIN/19722014-11-183
 Central Library, BUET  398712014-11-18General Book 624_000000000000000_183WIN19722014-11-18Central Library, BUET  Circulation section 624.183/WIN/19722014-11-184
 Central Library, BUET2 428442015-02-22General Book 624_183000000000000_WIN_19722015-02-22Central Library, BUET 2025-05-27Circulation section 624.183/WIN/19722025-06-285
 Central Library, BUET  549302015-02-22General Book 624_183000000000000_WIN_19722015-02-22Central Library, BUET  Circulation section 624.183/WIN/19722015-02-226
 Central Library, BUET1 451122015-05-07General Book 624_183000000000000_WIN_19722015-05-07Central Library, BUET 2025-05-26Circulation section 624.183/WIN/19722025-05-277